Papas canonizados (santos) - Estadísticas

Estadísticas generales
  • Esta prueba ha sido intentada 90 veces
  • La puntuación promedio es 39 de 95
Estadísticas de respuestas
Papado Papa Beatificación Santificación % Correcto
523-526 Juan I Martirio
98%
1958-1963 Juan XXIII 2000 2014
98%
757-767 Pablo I Desconocido
95%
1963-1978 Pablo VI 2014 2018
95%
140-155 Pío I Martirio
95%
1846-1878 Pío IX 2000 -
95%
1566-1572 Pío V 1672 1712
95%
1800-1823 Pío VII 2007
95%
1903-1914 Pío X 1951 1954
95%
1939-1958 Pío XII 2009
95%
1978 Juan Pablo I 2022 -
94%
1978-2005 Juan Pablo II 2011 2014
94%
42-67 Pedro Martirio
87%
684-685 Benedicto II Desconocido
84%
1303-1304 Benedicto XI 1736 -
84%
1724-1730 Benedicto XIII 2017
84%
440-461 León I Desconocido
76%
682-683 León II Desconocido
76%
795-816 León III - 1673
76%
847-855 León IV Desconocido
76%
1049-1054 León IX - 1082
76%
590-604 Gregorio I Desconocido
63%
715-731 Gregorio II Desconocido
63%
731-741 Gregorio III Desconocido
63%
1073-1085 Gregorio VII 1584 1728
63%
1272-1276 Gregorio X 1713 -
63%
106-115 Alejandro I Martirio
62%
222-230 Urbano I Martirio
62%
1088-1099 Urbano II 1088 -
62%
1362-1370 Urbano V 1870 -
62%
88-97 Clemente I Martirio
59%
401-417 Inocencio I Desconocido
57%
1276 Inocencio V 1898 -
57%
1676-1689 Inocencio XI 1956 -
57%
67-76 Lino Martirio
57%
115-125 Sixto I Martirio
44%
257-258 Sixto II Martirio
44%
432-440 Sixto III Desconocido
44%
336-336 Marcos Desconocido
40%
418-422 Bonifacio I Desconocido
38%
608-615 Bonifacio IV - 1294-1303
38%
649-655 Martín I Martirio
38%
76-88 Anacleto Martirio
37%
189-199 Víctor I Martirio
37%
1086-1087 Víctor III 1887 -
37%
884-885 Adrián III - 1891
35%
337-352 Julio I Desconocido
35%
254-257 Esteban I Martirio
33%
422-432 Celestino I Desconocido
29%
1294 Celestino V - 1313
29%
858-867 Nicolás I - 1630
29%
217-222 Calixto I Martirio
27%
269-274 Félix I Martirio
25%
483-492 Félix III Desconocido
25%
526-530 Félix IV Desconocido
25%
687-701 Sergio I Desconocido
25%
308-309 Marcelo I Martirio
24%
535-536 Agapito I Desconocido
22%
314-335 Silvestre I Desconocido
22%
399-401 Anastasio I Desconocido
21%
155-166 Aniceto Martirio
19%
251-253 Cornelio Martirio
19%
366-384 Dámaso I Desconocido
19%
253-254 Lucio I Martirio
19%
655-657 Eugenio I Desconocido
17%
1145-1153 Eugenio III 1872 -
17%
97-105 Evaristo Martirio
17%
136-140 Higinio Martirio
17%
741-752 Zacarías Desconocido
17%
259-268 Dionisio Martirio
16%
283-296 Cayo Martirio
14%
296-304 Marcelino Martirio
14%
311-314 Melquíades Desconocido
14%
199-217 Ceferino Martirio
13%
461-468 Hilario Desconocido
13%
817-824 Pascual I - Finales del siglo XVI
13%
125-136 Telesforo Martirio
13%
309-309 Eusebio Martirio
11%
492-496 Gelasio I Desconocido
11%
536-537 Silverio Siglo XI
11%
166-175 Sotero Martirio
11%
235 Antero Martirio
10%
678-681 Agatón Desconocido
8%
175-189 Eleuterio Martirio
8%
275-283 Eutiquiano Martirio
8%
236-250 Fabián Martirio
8%
230-235 Ponciano Martirio
8%
468-483 Simplicio Desconocido
8%
384-399 Siricio Desconocido
8%
417-418 Zósimo Desconocido
8%
352-366 Liberio Desconocido
6%
498-514 Símaco Desconocido
6%
657-672 Vitaliano Desconocido
5%
615-618 Adeodato I Desconocido
2%
514-523 Ormisdas Desconocido
2%
No se encontraron pruebas coincidentes
Distribución de puntuación
Porcentaje de gente con cada puntuación
Porcentaje por número respondido
Historial de tus puntuaciones
No has intentado esta prueba.